000
00197 a2200097 4500
001
42633
100
_a
Lunt
245
_a
charge to glory
260
_a
London
_b
Heinemann
_c
090
_c
26529
_d
26529
942
_a
NUST-CAE
_c
M
_c
18368
999
_c
277706
_d
277706